000 00911nam a22002417a 4500
001 44435
003 BD-RjUL
005 20211209053846.0
008 160717r19942000B ||||| |||| 00| 0 BEN d
020 _c150.00
035 _a(BD-RjUL)44553
040 _aBD-RjUL
_bben
_cBD-RjUL
041 _aben
082 _223
_a307.762
_bBAN 2000
245 1 0 _aবাংলাদেশের গ্রাম /
250 _a২য় সং
260 _aঢাকা :
_bসামাজিক বিজ্ঞান উন্নয়ন কেন্দ্র,
_c২০০০
300 _a২৮৫ পৃ. ;
_c২২ সেমি.
650 _aবাংলাদেশের গ্রাম
_9136387
650 _aBangladeshi village
_9136388
700 _aহোসেন, কাজী তোবারক ; ইমাম মহাম্মদ হাসান (সম্পাদিত)
_9136389
942 _2ddc
_cBK
999 _c44435
_d44435